Chet Baker Sings and Plays From the Film "Let's Get Lost" A Film By Bruce Weber (Record n. 99902)

Dettagli MARC
000 -LEADER
fixed length control field 02615njm a2200457Ia 4500
001 - CONTROL NUMBER
control field 78453
003 - CONTROL NUMBER IDENTIFIER
control field IT-RoPAU
005 - DATE AND TIME OF LATEST TRANSACTION
control field 20220918181122.0
008 - FIXED-LENGTH DATA ELEMENTS--GENERAL INFORMATION
fixed length control field 131025s9999 xx 000 0 und d
040 ## - CATALOGING SOURCE
Original cataloging agency IT-RoPAU
040 ## - CATALOGING SOURCE
Transcribing agency IT-RoPAU
999 ## - SYSTEM CONTROL NUMBERS (KOHA)
Koha Dewey Subclass [OBSOLETE] n.d.
100 ## - MAIN ENTRY--PERSONAL NAME
Personal name AA.VV.
9 (RLIN) 794
100 ## - MAIN ENTRY--PERSONAL NAME
Relator term Autore musica
9 (RLIN) 25730
100 ## - MAIN ENTRY--PERSONAL NAME
Miscellaneous information Codice autore musica SPICS: 12000
9 (RLIN) 796
245 ## - TITLE STATEMENT
Title Chet Baker Sings and Plays From the Film "Let's Get Lost" A Film By Bruce Weber
250 ## - EDITION STATEMENT
Edition statement 1a ed.
260 ## - PUBLICATION, DISTRIBUTION, ETC. (IMPRINT)
Place of publication, distribution, etc. NEW YORK
260 ## - PUBLICATION, DISTRIBUTION, ETC. (IMPRINT)
Name of publisher, distributor, etc. RCA RECORDS
Date of publication, distribution, etc. 1989 [1a Ed.:1989 - Ed. Lingua Orig.: 1989]
300 ## - PHYSICAL DESCRIPTION
Extent DISCO
300 ## - PHYSICAL DESCRIPTION
Dimensions 51 minuti (Testo: 0 pag.)
500 ## - GENERAL NOTE
General note Colonna sonora del film "Let's Get Lost" di Bruce Weber. Musica da film
505 ## - FORMATTED CONTENTS NOTE
Formatted contents note Zingaro A/K/A Portrait In Black & White (8:00) - Blame It On My Youth (7:00) - My One and Only Love (6:00) - Almost Blue (4:00) - Moon & Sand (6:00) - Imagination (5:00) - You're My Thrill (5:00) - Every Time We Say Goodbye (5:00) - Daydream (5:00)
650 ## - SUBJECT ADDED ENTRY--TOPICAL TERM
Topical term or geographic name as entry element COLONNA SONORA [DISCHI]
Relator term Codice MATERIA SPICS: 9950
9 (RLIN) 25731
700 ## - ADDED ENTRY--PERSONAL NAME
Personal name Jobim Antonio Carlos
Dates associated with a name Codice autore musica SPICS: 21135
Relator term Autore musica
Name of part/section of a work Zingaro A/K/A Portrait In Black & White
9 (RLIN) 25732
700 ## - ADDED ENTRY--PERSONAL NAME
Personal name Heyman Edward
Dates associated with a name Codice autore musica SPICS: 15566
Relator term Autore musica
Name of part/section of a work Blame It On My Youth
9 (RLIN) 25733
700 ## - ADDED ENTRY--PERSONAL NAME
Personal name Levant Oscar
Dates associated with a name Codice autore SPICS: 27031
Relator term Autore
Name of part/section of a work Blame It On My Youth
9 (RLIN) 25734
700 ## - ADDED ENTRY--PERSONAL NAME
Personal name Mellin Robert
Dates associated with a name Codice autore musica SPICS: 20417
Relator term Autore musica
Name of part/section of a work My One and Only Love
9 (RLIN) 25735
700 ## - ADDED ENTRY--PERSONAL NAME
Personal name Wood Guy
Dates associated with a name Codice autore SPICS: 25119
Relator term Autore
Name of part/section of a work My One and Only Love
9 (RLIN) 25736
700 ## - ADDED ENTRY--PERSONAL NAME
Personal name Costello Elvis
Dates associated with a name Codice autore musica SPICS: 26748
Relator term Autore musica
Name of part/section of a work Almost Blue
9 (RLIN) 25737
700 ## - ADDED ENTRY--PERSONAL NAME
Personal name Anonimo
Dates associated with a name Codice autore musica SPICS: 2620
Relator term Autore musica
Name of part/section of a work Moon & Sand
9 (RLIN) 25738
700 ## - ADDED ENTRY--PERSONAL NAME
Personal name Burke Johnny
Dates associated with a name Codice autore musica SPICS: 15743
Relator term Autore musica
Name of part/section of a work Imagination
9 (RLIN) 25739
700 ## - ADDED ENTRY--PERSONAL NAME
Personal name Van Heusen Jimmy
Dates associated with a name Codice autore SPICS: 15744
Relator term Autore
Name of part/section of a work Imagination
9 (RLIN) 25740
700 ## - ADDED ENTRY--PERSONAL NAME
Personal name Clare Sidney
Dates associated with a name Codice autore musica SPICS: 20773
Relator term Autore musica
Name of part/section of a work You're My Thrill
9 (RLIN) 25741
700 ## - ADDED ENTRY--PERSONAL NAME
Personal name Gorney Jay
Dates associated with a name Codice autore SPICS: 27032
Relator term Autore
Name of part/section of a work You're My Thrill
9 (RLIN) 25742
700 ## - ADDED ENTRY--PERSONAL NAME
Personal name Porter Cole
Dates associated with a name Codice autore musica SPICS: 13034
Relator term Autore musica
Name of part/section of a work Every Time We Say Goodbye
9 (RLIN) 25743
700 ## - ADDED ENTRY--PERSONAL NAME
Personal name Ellington Duke
Dates associated with a name Codice autore musica SPICS: 13023
Relator term Autore musica
Name of part/section of a work Daydream
9 (RLIN) 25744
700 ## - ADDED ENTRY--PERSONAL NAME
Personal name Strayhorn Billy
Dates associated with a name Codice autore SPICS: 16295
Relator term Autore
Name of part/section of a work Daydream
9 (RLIN) 25745
700 ## - ADDED ENTRY--PERSONAL NAME
Personal name Latouche John
Dates associated with a name Codice autore testo/musica SPICS: 18014
Relator term Autore testo/musica
Name of part/section of a work Daydream
9 (RLIN) 25746
942 ## - ADDED ENTRY ELEMENTS (KOHA)
Koha item type DISCHI
Source of classification or shelving scheme Dewey Decimal Classification
Dati di copia
Withdrawn status Lost status Damaged status Not for loan Home library Current library Date acquired Total Checkouts Full call number Date last seen Price effective from Koha item type Public note
    Buone Condizioni Not For Loan SPICS-MEDIATECA SPICS-MEDIATECA 25/10/2013   78453 25/10/2013 25/10/2013 DISCHI Progr. Ins.: 18715 / N.Vol.: 1 / Copie: 1 - Copia rara: n.d. / date import: 01.01.2014 - By Epidotti, Trombetti, Vaglietti
CREDITS: SOCIETA' SAN PAOLO Via A.Severo, 58 - ROMA (RM) & PERIODICI SAN PAOLO SRL Via Giotto, 36 MILANO & CISF Via Giotto, 36 MILANO & EDIZIONI SAN PAOLO SRL,  Piazza Soncino, 5 CINISELLO BALSAMO (MI) -- ITALY